• 首页
  • 本馆介绍
  • 公告通知
  • 最新文献
  • 馆藏检索
  • 电子资源
  • 读者导购
  • 参考咨询
  • 我的图书馆
  • 登录
  • 详细信息显示
  • 放入我的书架
  • 预约/预借图书
  • 作者相关作品
  • 分类相关作品
  • 丛书相关作品
  • 出版社相关作品

书目信息

  • 表格格式
  • 工作单格式
  • 卡片格式
题名:
临床心理护理指南
    
 
作者: 尼克尔斯 著 ;刘晓虹 , 吴菁 译
分册:  
出版信息: 北京   中国轻工业出版社  2007
页数: 204页
开本: 23cm
丛书名: 临床心理治疗系列
单 册:
中图分类: R471
科图分类:
主题词: 护理学--医学心理学--基本知识 , 护理学 , 医学心理学
电子资源:
ISBN: 7-5019-5607-3
000 01297nam0 2200325 450
001 1572781467
005 20150128084755.50
010    @a7-5019-5607-3@dCNY23.00
100    @a20070709d2007 em y0chiy0120 ea
101 0  @achi@ceng
102    @aCN@b110000
105    @ay z 000yy
200 1  @a临床心理护理指南@ALin Chuang Xin Li Hu Li Zhi Nan@dPsychological care for ill and injured people: a clinical guide@f(英)Keith Nichols著@F( Ying )Keith Nichols Zhu@g刘晓虹,吴菁主译@zeng
210    @a北京@c中国轻工业出版社@d2007
215    @a204页@d23cm
225 2  @a临床心理治疗系列
300    @a万千教育
305    @a本书中文简体字翻译版由中国轻工业出版社和美国麦格劳-希尔教育(亚洲)出版公司合作出版
330    @a本书讲述了临床心理护理的核心概念、关键问题和基本技能,患者常见的心理状态与心理反应,心理护理的监控技巧,心理护理的实施等。
410  0 @12001 @a临床心理治疗系列
510 1  @aPsychological care for ill and injured people: a clinical guide@zeng
606 0  @a护理学@x医学心理学@x基本知识
606 0  @a护理学
606 0  @a医学心理学
690    @aR471@v4
701  1 @c(英)@a尼克尔斯@ANi Ke Er Si@g(Nichols, Keith)@4著
702  0 @a刘晓虹@ALiu Xiao Hong@c(心理学)@4译
702  0 @a吴菁@AWu Jing@c(心理学)@4译
801  0 @aCN@bTSSF@c20150128
905    @aZUCC@dR471@eJY1
    
    临床心理护理指南=Psychological care for ill and injured people: a clinical guide/(英)Keith Nichols著/刘晓虹,吴菁主译.-北京:中国轻工业出版社,2007
    204页;23cm.-(临床心理治疗系列)
    万千教育
    
    ISBN 7-5019-5607-3:CNY23.00
    本书讲述了临床心理护理的核心概念、关键问题和基本技能,患者常见的心理状态与心理反应,心理护理的监控技巧,心理护理的实施等。
●
相关链接 在E读中查询图书 在五车中查询图书 在当当中查询图书 在豆瓣中查询图书


正题名:临床心理护理指南     索取号:R471/JY1         预约/预借

序号 登录号 条形码 馆藏地/架位号 状态 备注
1 7844534   278445345   学院路分馆/ [索取号:R471/JY1] 在馆    
2 7844535   278445354   学院路分馆/ [索取号:R471/JY1] 在馆    
3 7844536   278445363   学院路分馆/ [索取号:R471/JY1] 在馆    
4 7844537   278445372   学院路分馆/ [索取号:R471/JY1] 在馆    
5 7844538   278445381   学院路分馆/ [索取号:R471/JY1] 在馆    
唐山师范学院图书馆 欢迎您!
大连网信软件有限公司© 版权所有